Avant-projecte de la imatge gràfica del Servei de Sanitat de la Diputació de Barcelona
Publicado:
Diputació de Barcelona, [s.a.] :
Descripción Física:
[14] f. ; 29 cm
MARC
| LEADER | 00000nam a2200000Ia 4500 | ||
|---|---|---|---|
| 001 | 18282 | ||
| 008 | 160829s9999 xx 000 0 cat d | ||
| 080 | |a FU-50-9 | ||
| 245 | |a Avant-projecte de la imatge gràfica del Servei de Sanitat de la Diputació de Barcelona | ||
| 260 | |a Diputació de Barcelona, [s.a.] | ||
| 300 | |a [14] f. ; |c 29 cm | ||
| 590 | |a Exemplar ciclostilat | ||
| 610 | 1 | 0 | |a Barcelona (Catalunya : Província). |b Servei de Sanitat |9 54402 |
| 650 | |a Imatge corporativa |9 22160 | ||
| 710 | 1 | |a Barcelona (Catalunya : Província). |b Servei de Sanitat |9 54402 | |
| 901 | |a Arxiu | ||
| 942 | |n 1 | ||
| 952 | |0 0 |1 0 |4 0 |6 FU509 |7 1 |9 42086 |a Arxiu |b Arxiu |d 2016-12-01 |l 0 |o FU-50-9 |p 18282 |r 2016-12-01 00:00:00 |w 2016-12-01 |y ARXIU | ||
| 999 | |c 44533 |d 44533 | ||